States in 1900 with the Most % Northeastern Transplants - Statistics

General Stats
  • This quiz has been taken 18 times
  • The average score is 6 of 8
Answers on the Map
Answers color-coded by a green-red scale on the quiz's map according to % correct below.
 
Answer Stats
Percent Answer % Correct
10 California
100%
10 Washington
92%
12 Colorado
85%
9 Nevada
85%
10 Montana
77%
10 Wyoming
77%
10 Michigan
69%
8 Nebraska
38%
No matching quizzes found
Score Distribution
Percent of People with Each Score
Percentile by Number Answered
Your Score History
You have not taken this quiz